000 01082nam0a22002771 4500
001 v19\rc\1946514
005 20260405195928.0
035 _a(NLR Aleph) 005032013
090 _a6701258
_c6701258
100 _a20080428d1913 u y0rusy50 ca
101 0 _arus
102 _aRU
105 _aa z |||||
200 1 _aЖизнь святого праведного Иова Многострадального, проповедника терпения
_e(Память 6 мая)
_fПо руководству Библии сост. Леонид Денисов
205 _a3-е изд.
210 _aМосква
_cЕ.И. Коновалова и К°
_d1913
215 _a46, [2] с.
_cил.
_d22
700 1 _aДенисов
_bЛ.И.
_f1866-1942
_gЛеонид Иванович
_4220
702 0 _4570
_8rus
_7ca
_aИов Многострадальный
_cсвятой
_3RU\NLR\AUTH\7787582
_970510
801 0 _aRU
_bNLR
_gpsbo
801 0 _aRU
_bRuMoRGB
_2psbo
801 1 _aRU
_bProSoft-M
_2rusmarc
852 _aNLR
_j20.46.9.277
899 _aRuMoRGB
_jЯ 32/773
942 _cBOOK
980 _aNB